000 00680nam a2200217Ia 4500
005 20250108125145.0
008 008 250107s9999 xx 000 0 eng d
037 _aTB
040 _aCRL
_beng
_cCRL
041 _aeng
_2eng
084 _aO111944:g R2.1-.4(RR)
084 _qCRL
100 _aPatnaik Amar Au.
_9730493
245 0 _aInstitutional change and power asymmetry in the context of rural India
_cPatnaik Amar Au.
260 _aOdisha, India
_bXavier University
_c3490
300 _axxvi,342p.
365 _aINR
_b2800
650 _aRURAL DEVELOPMENT - INDIASOCIOLOGY
_9730494
942 _cTB
_hO111944:g R2.1-.4(RR)
999 _c1235878
_d1235878